Movies Quiz

Random Movies or Clickable Quiz

50 Flicks to Click (1997) Quiz Stats

 Plays Quiz Updated May 14, 2018

Challenge
Share
Tweet
Embed
Score 0/50 Timer 07:00
1 Play Today
% Correct
Will
94.5%
Jurassic
94.5%
Force
94%
Out
93.9%
Summer
93.8%
Batman
93.7%
Black
93.7%
Good
93.5%
Jane
92.9%
Wedding
92.7%
Fifth
92.3%
Nights
91.9%
Air
91.1%
Full
90.4%
George
90.4%
Confidential
88.6%
International
88.1%
Tibet
87.7%
Devil's
87.2%
Donnie
86.5%
Face
85%
Beautician
84.8%
Life
84.7%
Troopers
84.2%
Amy
83.3%
% Correct
Conspiracy
81.6%
Brown
81%
Kiss
80.4%
Romy
80.2%
Peak
80.1%
Alien
79.9%
Darn
79.9%
Baggage
79.3%
Blank
77.8%
Wag
76.6%
Vegas
72.2%
Midnight
69.2%
Acres
67.9%
Ninja
63.4%
Parts
63.4%
Spice
61.4%
Mrs
58.9%
Gold
58.1%
Event
58%
Storm
56.9%
Princess
53.9%
Hereafter
49.4%
Highway
48%
Harry
37.6%
Henry
23%

You're not logged in!

Compare scores with friends on all Sporcle quizzes.
Join for Free
OR
Log In

You Might Also Like...

Show Comments

Extras

Top Quizzes Today


Score Distribution

Your Account Isn't Verified!

In order to create a playlist on Sporcle, you need to verify the email address you used during registration. Go to your Sporcle Settings to finish the process.

Report this User

Report this user for behavior that violates our Community Guidelines.

Details: